000 003310000a22001570004500
001 002099
003 MACL
040 _aMACL
090 _c14092
_d14091
100 _aBali, H.N.
245 _aHinduism At the Crossroads
_cH.N. Bali
260 _aOm Publication,
_c2001
350 _a300
650 _aReligion
942 _k295
_cBook
999 _c14015
_d14015